Statistics for minnesota timberwolves top ten all time scoring

Click here to take the quiz!

General Stats

  • This quiz has been taken 689 times
  • The average score is 3 of 10

Answer Stats

pointsAnswer% Correct
19,041kevin garnett
100%
6,989kevin love
71%
6,777wally szczerbiak
20%
4,315isaiah rider
15%
4,213al jefferson
14%
7,161sam mitchell
14%
4,201tom gugliotta
14%
4,759christian laettner
12%
6,216doug west
9%
4,888tony campbell
6%

Score Distribution

Percentile by Number Answered

Percent of People with Each Score

Your Score History

You have not taken this quiz